000 00652nam a2200229Ia 4500
003 OSt
005 20221005123050.0
006 a|||||r|||| 00| 0
007 ta
008 221004b |||||||| |||| 00| 0 eng d
024 _a63394
037 _cTextual
040 _aCRL
_cCRL
_beng
041 _2eng
_aeng
082 _aV241:1xF00, A.1-.3
100 _aKahlana
_9633080
245 0 _aKings of Kashmir
_b Being a translation of the sanskrita work Rajataranggini tr by Jogesh Chunder Dutt. 3 V.
260 _c1870
650 _aHISTORY
942 _hV241:1xF00, A.1-.3
_cTEXL
_2cc
999 _c1046280
_d1046280